Countries without Vowels - Statistics

General Stats
  • This quiz has been taken 404 times
  • The average score is 16 of 20
Answer Stats
Hint Answer % Correct
NTD KNGDM United Kingdom
96%
NW ZLND New Zealand
95%
PHLPPNS Philippines
95%
VTNM Vietnam
95%
MZMBQ Mozambique
92%
KZKHSTN Kazakhstan
90%
MDGSCR Madagascar
90%
TNZN Tanzania
89%
BHTN Bhutan
88%
PP NW GN Papua New Guinea
88%
SLVK Slovakia
88%
STH FRC South Africa
88%
SML Somalia
83%
CLMB Colombia
81%
RGNTN Argentina
75%
ZBJN Azerbaijan
71%
SRR LN Sierra Leone
67%
MCRNS Micronesia
60%
KRN Ukraine
56%
PRG Paraguay
54%
No matching quizzes found
Score Distribution
Percent of People with Each Score
Percentile by Number Answered
Your Score History
You have not taken this quiz